000 01075nam a2200337 i 4500
005 20260322212019.0
008 data
010 _a 77012735
020 _a0823668673 :
_c{dollar}22.50
020 _a9780823668670 :
_c{dollar}22.50
040 _aDLC
_cDLC
_dCtY-M
050 0 _aBF531
_b.W67
060 _aBF531 C357
090 _aBF 531 So13w 1978
245 1 4 _aThe World of emotions :
_bclinical studies of affects and their expression /
_cCharles W. Socarides.
260 0 _aNew York :
_bInternational Universities Press,
_cc1977.
300 _axii, 625 p. ;
_c24 cm.
500 _aIncludes indexes.
504 _aBibliography: p. 595-612.
590 _aArticles reprinted from various sources.
590 _aBibliography: p. 595-612.
590 _aIncludes indexes.
650 0 _aEmotions.
650 0 _aAffect (Psychology)
650 0 _aPsychoanalysis.
650 2 _aEmotions
_vCollected Works.
650 2 _aPsychoanalysis
_vCollected Works.
650 2 _aAffective Disturbances
_vCollected Works.
700 1 _aSocarides, Charles W.,
_d1922-
001 data
999 _c436
_d436